| 000 | 00529nam a2200181Ia 4500 | ||
|---|---|---|---|
| 001 | 16000 | ||
| 005 | 20260306170237.0 | ||
| 008 | 260306t2023||||xx |||||||||||||| ||und|| | ||
| 041 | _aESP | ||
| 082 |
_a346.52 _bF41 |
||
| 100 |
_aFernández Cruz, Gastón, _eAUT |
||
| 245 | 0 |
_aUna relectura de la responsabilidad vicaria : _bentre la responsabilidad por hecho propio y la responsabilidad por hecho ajeno |
|
| 260 | _c2023 | ||
| 300 |
_a197 páginas : _c24 cm. |
||
| 650 | _aGEN | ||
| 654 | _aCDE | ||
| 942 |
_cLIB _dJUS _fJUS _2ddc _n |
||
| 999 |
_c16000 _d16000 |
||